| 000 | 00402nam a2200157Ia 4500 | ||
|---|---|---|---|
| 008 | 230718s9999 xx 000 0 und d | ||
| 041 | _aeng | ||
| 082 |
_a372.6 _bMOH |
||
| 100 | _aMohan K. | ||
| 245 | _aDeveloping Communication Skills | ||
| 260 |
_c2008 _bMacmillan |
||
| 300 | _a295 | ||
| 365 |
_cRs. _b168.00 |
||
| 700 |
_aMohan K. & Banerji M. _9108979 |
||
| 906 |
_dB:694111-Dec-2008 _cSS _b110.88 |
||
| 999 |
_c320393 _d320393 |
||